77 и половина чудни растения (Запис номер 472177)
[ съкратено ]
| 000 -Лидер | |
|---|---|
| Контролно поле с фиксирана дължина | 01872nam a2200337 a 4500 |
| 003 - Код на организацията, давaща контролен номер | |
| Контролно поле | BLK |
| 005 - Дата и час на последна редакция | |
| Контролно поле | 20250318130854.0 |
| 008 - Елементи от данни с фиксирана дължина | |
| fixed length control field | 180411b bul|||||r ||||||| ||bul|| |
| 010 ## - Наследен системен номер | |
| LC control number | KNG00193576000 |
| 020 ## - Международен стандартен номер на книга ISBN | |
| Международен стандартен номер на книга ISBN | 9786192290672 |
| 040 ## - Източник на каталожния запис | |
| Идентификатор на билиотеката - собственик на записа | BLK |
| 041 ## - Код за език | |
| Код за езика на текст/звукозапис или на отделно заглавие | Български |
| Код за езика КДБФ | Български |
| 080 ## - УДК | |
| Текстов определител УДК | Народни вярвания. Народни обичаи. Суеверия. Поверия |
| УДК код - определител по УДК | 398.3 |
| УДК - код + определител | 398.3 |
| 080 ## - УДК | |
| Текстов определител УДК | Приложна ботаника. Икономическа ботаника. Диворастящи лекарствени растения и др. |
| УДК код - определител по УДК | 581.6 |
| УДК - код + определител | 581.6 |
| 080 ## - УДК | |
| Текстов определител УДК | Лекарствени средства от растителен произход. Подразделя се със знак за отношение :582; :633/635; :665.3 |
| УДК код - определител по УДК | 615.322 |
| УДК - код + определител | 615.322 |
| 100 ## - Редна дума - Автор | |
| Автор | Мишев, Георги |
| Авторска отговорност | първи автор |
| R(LIN) | 427544 |
| 139 ## - Редно поле | |
| Редна дума | Мишев, Георги и др. |
| Авторски знак | Михо - М 76 |
| 245 10 - Сведения за заглавието | |
| Заглавие | 77 и половина чудни растения |
| Подзаглавни данни | Народна вяра, магия и лечение |
| Редно поле (дума) | Георги Мишев, Елионора Недялкова ; дизайн и кор. Георги Вълков ; фотогр. Борислава Стамболиева. |
| 260 ## - Област на издателските данни | |
| Име на издателя, разпространителя и проч. | Ракета |
| Година на издаване | 2021 |
| Място на издаване, разпространение и проч. | София |
| 9 (RLIN) | 217388 |
| Издателство - префикс ISBN | 978-954-28- |
| Информация за издателството | импринт на БГ книга |
| 300 ## - Физическа характеристика | |
| Страници | 256 с. |
| Размери/Мащаб | 26 см |
| 380 ## - Жанр | |
| Жанр | Обществени науки |
| 650 #7 - Допълнително описание по предмет – тема | |
| 9 (RLIN) | 163320 |
| Основно описание – тема или топоним | Народни вярвания |
| 650 #0 - Допълнително описание по предмет – тема | |
| 9 (RLIN) | 287041 |
| Основно описание – тема или топоним | Растения, лечебни |
| 653 #7 - Ключова дума – ненормативна | |
| 9 (RLIN) | 195527 |
| Ключова дума | рецепти |
| 700 ## - Други автори (авторска отговорност) | |
| Лично име | Недялкова, Елионора |
| Автороска отговорност (Описва отношението между автора и произведението) | авт. рецепти |
| 9 (RLIN) | 480181 |
| 700 1# - Други автори (авторска отговорност) | |
| Лично име | Вълков, Георги |
| Автороска отговорност (Описва отношението между автора и произведението) | дизайн и кор. |
| 9 (RLIN) | 49738 |
| 700 ## - Други автори (авторска отговорност) | |
| Лично име | Стамболиева, Борислава |
| Автороска отговорност (Описва отношението между автора и произведението) | фотогр. |
| 9 (RLIN) | 1631 |
| 852 ## - Местоположение | |
| Фондова буква | Заемна - подръчен фонд |
| Систематично-азбучна сигнатура | 398/М 76 Г |
| 999 ## - СИСТЕМНИ КОНТРОЛНИ НОМЕРА | |
| Koha biblionumber | 472177 |
| Koha biblioitemnumber | 472177 |
| 942 ## - АРТИКУЛИ | |
| Вид на библиотечния материал | Книги |
| Скрит в OPAC | Не |
| Периодичен библиозапис | Да |
| Koha issues (borrowed), all copies | 7 |
| 944 ## - СЪЗДАВАНЕ И РЕДАКЦИЯ на ЗАПИСА | |
| Създаване/Редакция | Създаване |
| Дата на регистрацията/редакция | 2022-08-31 |
| Служител, извършил регистрацията/редакцията | 30575 |
| Статус, дата на статуса | Мартин Енчев |
| Код за отписване | Код за изгубен артикул | Източник на класификационната схема | Код за повреда | Коз за рестрикции | Код за отдаване | Артикулен № | Име на библиотеката - собственик | Име на библиотеката, в която се намира в момента | Статус (Текущо местоположение) | Дата на вписване в системата | Местоположение - отдел | Цена в лева | Систематично азбучна сигнатура | Баркод | Цена в евро | Служебен тип на артикула |
|---|---|---|---|---|---|---|---|---|---|---|---|---|---|---|---|---|
| Не е изгубен | Universal Decimal Classification | Не е повреден | без рестрикции | заемане за дома | 902722 | Регионална библиотека "Любен Каравелов" Русе | Регионална библиотека "Любен Каравелов" Русе | Заемна - подръчен фонд | 2022-09-01 | Заемна - подръчен фонд | 39.90 | 398/М 76 Г | 120000875432 | 20.40 | Книги | |
| Не е изгубен | Universal Decimal Classification | Не е повреден | без рестрикции | заемане за дома | 902723 | Регионална библиотека "Любен Каравелов" Русе | Регионална библиотека "Любен Каравелов" Русе | Заемна - подръчен фонд | 2022-09-01 | Заемна - подръчен фонд | 39.90 | 398/М 76 Г | 120000875431 | 20.40 | Книги |